Quizzes
Events
Quiz Creation
Community
Videos
Private Events
Remove Ads
Sign In
Join for FREE
Feedback
Dark Mode
Quiz Categories
Sports
Geography
Music
Movies
Television
Just For Fun
Miscellaneous
History
Literature
Language
Science
Gaming
Entertainment
Religion
Holiday
For Kids
Quiz Lab
Recent
Popular Today
Quiz Kudos Today
Editor Picks
Curator Picks
Quizzes by...
Day
Popularity
Type
Ratings
Length
Year
Community
Subscriptions
Recent Discussions
Orange Saloon
Badges
Playlists
Quests
Create
Leaderboards
Showdown
Live 5
Trivia Bingo
Activity
Puzzle Library
Sporcle Events
Private Events
Virtual Trivia
Globe League
Become a Host
Pub Owners
SporcleCon
Opinionation
Our Games
Videos
Blog
Mobile Apps
Partnerships
Remove Ads and Go Orange
Feedback
Entertainment
Celebrity
Famous
Musical
Broadway
Show
Quote
Comic Books
Anime
Superhero
DC Comics
Marvel
Cartoons
Animation
Entertainment
Celebrity
Famous
Musical
Broadway
Show
Quote
Comic Books
Anime
Superhero
DC Comics
Marvel
Cartoons
Animation
Random Quiz
Search Sporcle
×
Quiz Lab
Quiz Lab
Entertainment
Yu-Gi-Oh Synchro
Type answers based on single images at one time
Type answers based on single images at one time
Slideshow
Best Score? Go Orange.
Can You Name the Yugioh cards? Part 3 Stats
Can You Name the Yugioh cards? Part 3
By
dark3639
11m
44 Questions
262 Plays
262 Plays
262 Plays
Comments
Comments
Give Quiz Kudos
Give Quiz Kudos
-
- Ratings
hide this ad
Replay
Link that replays current quiz
Next Quiz
Link to next quiz in quiz playlist
You Got
0%
They Got
Avg Score
34%
Avg Friend Score
Upgrade to see
Score Distribution
Jump to the score distribution portion of the page
Score
0/44
Timer
11:00
0
Plays Today
% Correct
Black Rose Dragon
82.4%
Monster Reincarnation
77.5%
Waboku
74.8%
Slot Machine
68.3%
Amazoness Tiger
66.8%
Paladin of White Dragon
63.7%
Cost Down
63%
Armed Dragon LV10
62.6%
Black Tyranno
62.2%
Crystal Beast Cobalt Eagle
60.7%
Sonic Chick
58%
Skelengel
52.3%
Alligator's Sword Dragon
48.9%
Fairy Meteor Crush
48.1%
Ra's Disciple
45%
Wroughtweiler
44.3%
Book of Secret Arts
43.1%
Different Dimension Dragon
40.5%
Cyber Falcon
35.9%
Guardian Elma
35.9%
Guardian Angel Joan
35.1%
Number 7: Lucky Straight
35.1%
% Correct
Photon Lizard
34.7%
A Deal with Dark Ruler
33.6%
Blackwing - Sirocco the Dawn
30.2%
The Forgiving Maiden
22.1%
Ally of Justice Clausolas
18.7%
Psychic Sword
18.7%
Aye-Iron
16.4%
Aria the Melodious Diva
15.3%
Sephylon, the Ultimate Timelord
14.9%
Vylon Disigma
13.4%
Black Luster Soldier - Sacred Soldier
12.2%
Attraffic Control
9.5%
Blackwing - Hurricane the Tornado
8.8%
Battlin' Boxing Spirits
8.4%
Ally Salvo
8%
Gadarla, the Mystery Dust Kaiju
6.5%
D
6.5%
Heavy Freight Train Derricrane
6.5%
Falling Current
6.1%
Battle Break
6.1%
Illusion Magic
1.1%
Number 81: Superdreadnought Rail Cannon Super Dora
0.8%
Quiz Playlist
Details
Report
Send in Message
Add To Playlist
Slideshow:
Type answers based on single images at one time
Last Updated: Feb 16, 2017
Quiz Scoreboard
CHALLENGE
Sign Up to Join the Scoreboard
Show All
Scores
Hide
Comments
May contain spoilers
Recently Published
An Introduction to Baseball
by treessimontrees
Sports
5m
Movies - When Are They Set?
by FPL_Elf
Movies
5m
Popular People in 1961
by mucciniale
History
6m
More to Explore
Quiz From the Vault
Featured Blog Post
Where Did the Easter Bunny Come From?
hide this ad
You Might Also Like...
Tags
Yu-Gi-Oh
Yu-Gi-Oh Characters
Yu-Gi-Oh Egyptian
Yu-Gi-Oh Kaiba
Yu-Gi-Oh Synchro
Yu-Gi-Oh Yugi
Today's Top Quizzes in Entertainment
Browse Entertainment
hide this ad
Top Contributed Quizzes in Entertainment
1
Kamen Rider Motifs
2
7-to-1: DC Comics Villains
3
Dragon Ball Z: Goku's Fights in Order
4
Dragon Ball Z: Mega Character Search
5
Marvel Characters Bunker
6
Criteria Quickie: Cartoon Taxonomy II
7
Fictional Villains Letter U Blitz
8
Sorting Pictures: Villains
9
One Thing in Common: Fictional Characters
10
Eurovision 2023 Logic Puzzle
Explore More
Trending Topics
Anime
Disney
Crossword
Harry Potter
NBA
Marvel
Kpop
Puzzle
Country
WWE
Song
The Office
Pokémon
Soccer
NFL
hide this ad
More By:
dark3639
Quiz
Plays
Rating
Category
Featured
Created
Name the Digimon
1,330
1.00
Entertainment
Dec 10, 2015
Can You Name the YuGiOh Card by It's Art?
853
4.50
Entertainment
Dec 14, 2015
Can You Name the YuGiOh Card by It's Art? Part 2
754
4.00
Entertainment
Dec 15, 2015
Can You Name the Yugioh cards? Part 3
262
Entertainment
Sep 21, 2016
Name the 'Tools'
180
1.00
Miscellaneous
Dec 14, 2015
Go to Creator's Profile
Score Distribution
Quiz Creator Spotlight
dark3639
Follow
Send a Message
Quizzes Created
-
Created Quiz Play Count
-
More By This Creator
Popular Quizzes Today
1
Find the Countries of Europe - No Outlines Minefield
2
Find the US States - No Outlines Minefield
3
The Countries of the World
4
Popular People in 1961
5
US States
6
Find the US States
7
1-10 Letter E Words III
8
Risky Map Clicking: Biggest States A-Z
More Entertainment Quizzes
Dolly Parton by the Decade
Quiz Lab
Trending Quizzes
Risky Map Clicking: Least Populous States A-Z
1-10 Letter F Words
1-10 Letter G Words
Not Quite an Element Typing Challenge
One Thing in Common: United Kingdom
Recently Updated
Leaping Animals
pecheneg
Reality TV Shows (A-Z)
bhenderson79
Rickey Henderson's Hall of Fame Teammates
pecheneg
Champions League XIs: Arsenal
pecheneg
Quick Pick: Celebrities in WWE's Hall of Fame
aduchscher
A-Z Keypad Blitz II
pecheneg
Multiple Oscar Actors
pecheneg
Mystery Phrase Blitz: Oscar 'Best Actors'
pecheneg
F. Scott Fitzgerald Novels
LTH
Pick 3 Villains
ddd62291
Trending Topics
Marvel
Harry Potter
Crossword
Disney
NBA
Anime
Kpop
NFL
Soccer
Puzzle
Song
Pokémon
WWE
The Office
Country
Your Account Isn't Verified!
In order to create a playlist on Sporcle, you need to verify the email address you used during registration. Go to your
Sporcle Settings
to finish the process.
Report this User
Report this user for behavior that violates our
Community Guidelines
.
Details:
Send Report
Go to the Sporcle.com Mobile Site →
Comments